| 000 | 01104cam a2200301 a 4500 | ||
|---|---|---|---|
| 001 | 29753 | ||
| 003 | BD-RjUL | ||
| 005 | 20211209051444.0 | ||
| 008 | 140407s2001 enk b 001 0 eng d | ||
| 020 | _a0415254019 | ||
| 035 | _a(BD-RjUL) 29838 | ||
| 040 |
_aDLC _cDLC _dDLC _dBD-RjUL _beng |
||
| 041 | 1 |
_aeng _hfre |
|
| 082 | 0 | 0 |
_a153.9 _221 _bPIP 2001 |
| 100 | 1 |
_aPiaget, Jean, _d1896-1980. _93700 |
|
| 245 | 1 | 4 |
_aThe psychology of intelligence / _cJean Piaget ; translated by Malcolm Piercy and D.E. Berlyne. |
| 260 |
_aLondon ; _aNew York : _bRoutledge, _c2001. |
||
| 300 |
_axi, 202 p. ; _c20 cm. |
||
| 504 | _aIncludes bibliographical references (p. [191]-193) and indexes. | ||
| 650 | 0 |
_aIntellect. _9395 |
|
| 856 | 4 | 2 |
_3Publisher description _uhttp://www.loc.gov/catdir/enhancements/fy0650/2001041222-d.html |
| 856 | 4 | 2 |
_3Contributor biographical information _uhttp://www.loc.gov/catdir/enhancements/fy1012/2001041222-b.html |
| 942 |
_2ddc _cBK |
||
| 999 |
_c29753 _d29753 |
||